Monitoring Municipal Solid Waste Leachate Mobility Through Soil And Compost/ (Record no. 233686)
[ view plain ]
| 000 -LEADER | |
|---|---|
| fixed length control field | 00680nam a22002177a 4500 |
| 003 - CONTROL NUMBER IDENTIFIER | |
| control field | NUST |
| 005 - DATE AND TIME OF LATEST TRANSACTION | |
| control field | 20240627103333.0 |
| 008 - FIXED-LENGTH DATA ELEMENTS--GENERAL INFORMATION | |
| fixed length control field | 170310b xxu||||| |||| 00| 0 eng d |
| 040 ## - CATALOGING SOURCE | |
| Transcribing agency | 0 |
| 050 ## - LIBRARY OF CONGRESS CALL NUMBER | |
| Classification number | 200 |
| 082 ## - DEWEY DECIMAL CLASSIFICATION NUMBER | |
| Classification number | 200 |
| 100 ## - MAIN ENTRY--PERSONAL NAME | |
| Personal name | Hamid Iqbal |
| 9 (RLIN) | 123840 |
| 245 ## - TITLE STATEMENT | |
| Title | Monitoring Municipal Solid Waste Leachate Mobility Through Soil And Compost/ |
| Statement of responsibility, etc. | Hamid Iqbal |
| 260 ## - PUBLICATION, DISTRIBUTION, ETC. | |
| Place of publication, distribution, etc. | Islamabad |
| Name of publisher, distributor, etc. | IESE (SCEE) NUST |
| Date of publication, distribution, etc. | 2015. |
| 300 ## - PHYSICAL DESCRIPTION | |
| Extent | 137 p. |
| Other physical details | HB. |
| 440 ## - SERIES STATEMENT/ADDED ENTRY--TITLE | |
| Title | PhD- Environmental Engineering |
| 9 (RLIN) | 1729 |
| 650 ## - SUBJECT ADDED ENTRY--TOPICAL TERM | |
| Topical term or geographic name entry element | PhD-Environmental Engineering |
| 9 (RLIN) | 123218 |
| 700 ## - ADDED ENTRY--PERSONAL NAME | |
| Relator code | Supervisor:Dr. M Anwar Baig |
| 856 ## - ELECTRONIC LOCATION AND ACCESS | |
| Uniform Resource Identifier | <a href="http://10.250.8.41:8080/xmlui/handle/123456789/3032">http://10.250.8.41:8080/xmlui/handle/123456789/3032</a> |
| 942 ## - ADDED ENTRY ELEMENTS (KOHA) | |
| Source of classification or shelving scheme | |
| Koha item type | Soft Copy |
| Withdrawn status | Lost status | Source of classification or shelving scheme | Damaged status | Not for loan | Collection code | Permanent Location | Current Location | Shelving location | Date acquired | Total Checkouts | Full call number | Barcode | Date last seen | Price effective from | Koha item type |
|---|---|---|---|---|---|---|---|---|---|---|---|---|---|---|---|
| Central Library (CL) | Central Library (CL) | Thesis | 08/26/2019 | 200 | CLPT-413 | 08/26/2019 | 08/26/2019 | Thesis | |||||||
| Not For Loan | Institute of Environmental Science and Engineering (IESE) | Institute of Environmental Science and Engineering (IESE) | Thesis | 03/10/2017 | 628 IQB | IESE-T-328 | 03/10/2017 | 03/10/2017 | Thesis |
